| 000 | 00399nam a2200169Ia 4500 | ||
|---|---|---|---|
| 008 | 131103s9999 xx 000 0 und d | ||
| 020 |
_a0 7069 6348 2 _cRs.15.00 |
||
| 040 | _aLoreto College | ||
| 041 | _aEnglish | ||
| 082 |
_aREF _bLCBED/11280 |
||
| 245 | _aTrees | ||
| 260 |
_aDelhi _bVikas _c1992 |
||
| 300 |
_a16p. _b ill.,pic. _c 24cm. |
||
| 650 | _aREF | ||
| 850 | _aLCBED/REF | ||
| 942 | _cBK | ||
| 999 |
_c33875 _d84354 |
||